تطوير إجراءات التدقيق الداخلي لضبط الأداء المالي والإداري في شركات التأمين العاملة في فلسطين : دراسة ميدانية /
Saved in:
| Main Author: | |
|---|---|
| Other Authors: | |
| Format: | Thesis |
| Language: | Arabic |
| Published: |
Ghazzah :
al-Jami'ah al-Islamiyah,
2012
|
| Subjects: | |
| Tags: |
Add Tag
No Tags, Be the first to tag this record!
|
| LEADER | 011940000a22002410004500 | ||
|---|---|---|---|
| 008 | 141209s2012 gz a f 000 0 ara d | ||
| 040 | |a UIAM |b eng | ||
| 041 | |a ara | ||
| 043 | |a a-gz--- | ||
| 050 | 0 | |a HG8077 | |
| 100 | 1 | |a أبو علي، محمد حسن | |
| 242 | 1 | 0 | |a Tatwir al-ijra'at al-tadqiq al-dakhili li-dabt al-'ada' al-mali wa-al-idari fi sharikat al-ta'min al-'amilah fi Filistin : |b dirasat maydaniyah |
| 245 | 1 | 0 | |a تطوير إجراءات التدقيق الداخلي لضبط الأداء المالي والإداري في شركات التأمين العاملة في فلسطين : |b دراسة ميدانية / |c محمد حسن أبو علي |
| 260 | |a Ghazzah : |b al-Jami'ah al-Islamiyah, |c 2012 | ||
| 300 | |a 213 leaves : |b ill. ; |c 30 cm | ||
| 502 | |a Thesis (M.A.)--Jami'at al-Islamiyah Ghazzah, 2012. | ||
| 504 | |a Includes bibliographical references (leaves 207-213). | ||
| 596 | |a 1 | ||
| 655 | |a Theses, Facsimile edition (Islamic) | ||
| 700 | 1 | |a Abu 'Ali Muhammad Hasan | |
| 900 | |a arf-nbm-sar | ||
| 999 | |c 437842 |d 469525 | ||
| 952 | |0 0 |6 TI HG 008077 A165T 2012 |7 0 |8 THESES |9 759236 |a IIUM |b IIUM |c MULTIMEDIA |g 0.00 |o ti HG 8077 A165T 2012 |p 00011285455 |r 2017-10-23 |t 1 |v 0.00 |y THESIS | ||
